| Tag |
First Indicator |
Second Indicator |
Subfields |
| LEADER |
00000cam a2200000 4500 |
| 001 |
in00000045980 |
| 005 |
20151007065248.0 |
| 008 |
740802s1937 nyu b 00000 engmu |
| 010 |
|
|
|a 37017190
|
| 035 |
|
|
|a (OCoLC)00972188
|
| 035 |
|
|
|9 AAE1631AM
|
| 040 |
|
|
|c SNN
|d TXA
|d UtOrBLW
|
| 049 |
|
|
|a TXAM
|
| 050 |
0 |
0 |
|a QC225
|b .J66
|
| 092 |
|
|
|a 534
|b J76s
|
| 100 |
1 |
|
|a Jones, Arthur Taber,
|d 1876-1951.
|
| 245 |
1 |
0 |
|a Sound :
|b a text book /
|c by Arthur Taber Jones ...
|
| 264 |
|
1 |
|a New York :
|b D. Van Nostrand,
|c 1937.
|
| 300 |
|
|
|a xii,450p :
|b illustrations ;
|c 23cm.
|
| 336 |
|
|
|a text
|b txt
|2 rdacontent
|
| 337 |
|
|
|a unmediated
|b n
|2 rdamedia
|
| 338 |
|
|
|a volume
|b nc
|2 rdacarrier
|
| 504 |
|
|
|a "A few bibliographies": pages 438-440.
|
| 650 |
|
0 |
|a Sound.
|
| 999 |
|
|
|a MARS
|
| 999 |
f |
f |
|s 94768158-ea50-3af2-aa73-0dd81cc4f9fc
|i b1c6b424-b3f6-3eb7-95fc-6e6774b3180f
|t 0
|
| 952 |
f |
f |
|p ric
|a Texas A&M University
|b Rellis Campus
|c Joint Library Facility
|d Remote Storage
|t 0
|e QC225 .J66
|h Library of Congress classification
|i unmediated -- volume
|m A14818547372
|
| 998 |
f |
f |
|a QC225 .J66
|t 0
|l Remote Storage
|